000 00773nas a2200265 4500
001 BR0002494
003 BR-BrBNA
005 20231205101842.0
007 ta
008 230509b bl.|||p| |||| 00| 00por d
040 _aBR-BrBNA
_bpor
_cBiblioteca Nacional de Agricultura
041 _a(Pt)
072 _aP33
100 1 _aLima, C.A.G.
100 1 _aSilans, A.P. de
245 1 _aVariabilidade espacial da infiltracao de agua no solo
650 _aSolo
650 _aUmidade do Solo
650 _aTextura do Solo
650 _aMetodo Estatistico
650 _aParaiba
773 0 _tPesquisa Agropecuaria Brasileira (Brazil)
_xISSN 0100-204X
_g(Dec 1999), v. 34(12) p. 2311-2320
_wBR0002494
909 _a202311
_bLúcia
_c55
_dLúcia Elande
942 _2AGRIS
_n0
_cANA
999 _c164321
_d164321